Detalles MARC
| 000 -CABECERA |
| campo de control de longitud fija |
02134nam a2200337 i 4500 |
| 001 - NÚMERO DE CONTROL |
| campo de control |
000045878 |
| 003 - IDENTIFICADOR DEL NÚMERO DE CONTROL |
| campo de control |
DO-SdBNP |
| 005 - FECHA Y HORA DE LA ÚLTIMA TRANSACCIÓN |
| campo de control |
20250930121742.0 |
| 007 - CAMPO FIJO DE DESCRIPCIÓN FÍSICA--INFORMACIÓN GENERAL |
| campo de control de longitud fija |
ta |
| 008 - DATOS DE LONGITUD FIJA--INFORMACIÓN GENERAL |
| campo de control de longitud fija |
150410s2015 dr a 000 0 spa d |
| 040 ## - FUENTE DE LA CATALOGACIÓN |
| Centro catalogador/agencia de origen |
DO-SdBNP |
| Lengua de catalogación |
spa |
| Centro/agencia transcriptor |
BNPHU |
| Normas de descripción |
rda |
| 041 ## - CÓDIGO DE LENGUA |
| Código de lengua del texto/banda sonora o título independiente |
spa |
| 082 ## - NÚMERO DE LA CLASIFICACIÓN DECIMAL DEWEY |
| Número de clasificación |
RD864.44 |
| Número de documento/Ítem |
Z18a, 2015 |
| Número de edición |
22 |
| 100 1# - ENTRADA PRINCIPAL--NOMBRE DE PERSONA |
| Nombre de persona |
Zaglul, Antonio, |
| Fechas asociadas al nombre |
1920-1996 |
| Término indicativo de función/relación |
autor |
| Código de función/relación |
aut. |
| 9 (RLIN) |
69657 |
| 245 10 - MENCIÓN DE TÍTULO |
| Título |
Apuntes / |
| Mención de responsabilidad, etc. |
Antonio Zaglul. |
| 264 #1 - PRODUCCIÓN, PUBLICACIÓN, DISTRIBUCIÓN, FABRICACIÓN Y COPYRIGHT |
| Producción, publicación, distribución, fabricación y copyright |
Santo Domingo : |
| Nombre del de productor, editor, distribuidor, fabricante |
Letragráfica, |
| Fecha de producción, publicación, distribución, fabricación o copyright |
2015. |
| 300 ## - DESCRIPCIÓN FÍSICA |
| Extensión |
143 páginas ; |
| Dimensiones |
22 cm. |
| 336 ## - TIPO DE CONTENIDO |
| Término de tipo de contenido |
texto |
| Código de tipo de contenido |
txt |
| Fuente |
rdacontent |
| 337 ## - TIPO DE MEDIO |
| Nombre/término del tipo de medio |
sin mediación |
| Código del tipo de medio |
n |
| Fuente |
rdamedia |
| 338 ## - TIPO DE SOPORTE |
| Nombre/término del tipo de soporte |
volumen |
| Código del tipo de soporte |
nc |
| Fuente |
rdacarrier |
| 490 1# - MENCIÓN DE SERIE |
| Mención de serie |
Libros para todos |
| 505 0# - NOTA DE CONTENIDO CON FORMATO |
| Título |
Apuntes sobre los apuntes -- |
| -- |
Brevísima y traumatizante historia de un pueblo -- |
| -- |
Apuntes para la etnografía dominicana -- |
| -- |
"El gancho": la paranoia del dominicano -- |
| -- |
La sub-estimación de lo nuestro I -- |
| -- |
El dominicano y su lenguaje -- |
| -- |
Cultura y nacionalismo -- |
| -- |
Alimentación y malos hábitos alimentarios -- |
| -- |
El dominicano y su comida -- |
| -- |
Nuestras cosas perdidas -- |
| -- |
El dominicano y su pena -- |
| -- |
Ah no. Yo no sé, no... y el "no me doy cuenta" -- |
| -- |
Jaragua motors, Polanco radio and the rent cars -- |
| -- |
El dominicano, turista y geógrafo -- Requiem por mis perros -- |
| -- |
Réquiem por mis perros -- |
| -- |
¿Quién nos cuida? |
| -- |
¿Somos malhumorados? -- |
| -- |
Un querer mejor para nuestras cosas -- |
| -- |
El arte de despotricar un país -- |
| -- |
Complejo de isleño -- |
| -- |
Caja de resonancia -- |
| -- |
Son santiagueros, no santiaguenses -- |
| -- |
Un dominicano es siempre un dominicano -- |
| -- |
¿El Bovarismo nuestro? -- |
| -- |
Nuestro productos -- |
| -- |
Estar chivo y bronco, ¿es paranoia? -- |
| -- |
Dominicana es un vocablo no dominicano -- |
| -- |
El sifilazo -- |
| -- |
Somos pesimistas -- |
| -- |
El regreso a las cavernas -- |
| -- |
Red beach -- |
| -- |
Colofón. |
| 590 ## - NOTA LOCAL (RLIN) |
| Nota local |
Inventariado, 2025/ YL |
| 650 #4 - PUNTO DE ACCESO ADICIONAL DE MATERIA--TÉRMINO DE MATERIA |
| Término de materia o nombre geográfico como elemento de entrada |
Ensayos dominicanos |
| 9 (RLIN) |
65 |
| 650 #4 - PUNTO DE ACCESO ADICIONAL DE MATERIA--TÉRMINO DE MATERIA |
| Término de materia o nombre geográfico como elemento de entrada |
Literatura dominicana. |
| 9 (RLIN) |
67 |
| 651 #4 - PUNTO DE ACCESO ADICIONAL DE MATERIA--NOMBRE GEOGRÁFICO |
| Nombre geográfico |
República Dominicana |
| 9 (RLIN) |
78065 |
| Subdivisión general |
Vida Social Y Costumbres |
| 651 #4 - PUNTO DE ACCESO ADICIONAL DE MATERIA--NOMBRE GEOGRÁFICO |
| Nombre geográfico |
República Dominicana |
| 9 (RLIN) |
78065 |
| Subdivisión general |
Aspectos Sociales |
| 830 #0 - PUNTO DE ACCESO ADICIONAL DE SERIE-TÍTULO UNIFORME |
| Título uniforme |
Libros para todos |
| 9 (RLIN) |
7034 |
| 910 ## - DATOS DE OPCIÓN DEL USUARIO (OCLC) |
| Datos de opción del usuario |
YLockward. Validado. Control de Calidad/MAA |
| 942 ## - ELEMENTOS DE PUNTO DE ACCESO ADICIONAL (KOHA) |
| Fuente del sistema de clasificación o colocación |
Dewey Decimal Classification |
| Tipo de ítem Koha |
Libro |